[Event "Time flies like an arrow—fruit flies like a banana"]
[Site "SchemingMind.com"]
[Date "2012.07.22"]
[Round "-"]
[White "Scooter"]
[Black "tyler_ensor"]
[Result "0-1"]
[WhiteCountry "USA"]
[BlackCountry "CAN"]
[WhiteElo "1775"]
[WhiteRD "47"]
[BlackElo "1962"]
[BlackRD "76"]
[GameID "314856"]

1. d4 e6 2. Nf3 Nf6 3. Bf4 d5 4. h3 c5 5. c3 Nc6 6. e3 Bd6 7. Bxd6 Qxd6 8. Bb5 O-O 9. O-O a6 10. Bxc6 Qxc6
11. Nbd2 Bd7 12. Ne5 Qd6 13. Ndf3 cxd4 14. Nxd7 Nxd7 15. cxd4 Rac8 16. Rc1 Rc6 17. Qb3 Qc7 18. Rc3 Rxc3 19. Qxc3 Rc8 20. Rc1 Qxc3
21. Rxc3 Rxc3 22. bxc3 f6 23. Kf1 Nb6 24. Nd2 Kf7 25. Ke2 Ke7 26. Kd3 Kd6 27. c4 dxc4+ 28. Nxc4+ Nxc4 29. Kxc4 e5 30. dxe5+ fxe5
31. e4 b6 32. h4 g6 33. g3 h6 34. a4 g5 35. hxg5 hxg5 36. f3 Kc6 37. Kb4 b5 38. axb5+ axb5 39. Kc3 Kc5 40. Kb3 b4
41. g4 Kb5 42. f4 exf4 43. e5 f3 44. e6 Kc6
0-1

[Event "Time flies like an arrow—fruit flies like a banana"]
[Site "SchemingMind.com"]
[Date "2012.07.24"]
[Round "-"]
[White "tyler_ensor"]
[Black "Scooter"]
[Result "1-0"]
[WhiteCountry "CAN"]
[BlackCountry "USA"]
[WhiteElo "1871"]
[WhiteRD "76"]
[BlackElo "1806"]
[BlackRD "47"]
[GameID "314857"]

1. b3 e5 2. Bb2 Nc6 3. e3 d5 4. Bb5 Bd7 5. Bxc6 Bxc6 6. Bxe5 Nf6 7. Nf3 Bd6 8. d4 O-O 9. O-O Bxe5 10. Nxe5 Bb5
11. c4 dxc4 12. bxc4 Bd7 13. Nd2 Re8 14. Qc2 c6 15. Rab1 b6 16. Ndf3 g6 17. Ng5 Bf5 18. Qb3 Bxb1 19. c5 Bxa2 20. Qxa2 Nd5
21. Ngxf7 Qf6 22. e4 Nc3 23. Qc4
1-0

[Event "Time flies like an arrow—fruit flies like a banana"]
[Site "SchemingMind.com"]
[Date "2012.07.27"]
[Round "-"]
[White "clario"]
[Black "tyler_ensor"]
[Result "0-1"]
[WhiteCountry "RSA"]
[BlackCountry "CAN"]
[WhiteElo "2093"]
[WhiteRD "72"]
[BlackElo "1962"]
[BlackRD "76"]
[GameID "314906"]

1. d4 d5 2. c4 e6 3. Nc3 Nf6 4. Bg5 Nbd7 5. e3 c6 6. Nf3 Be7 7. Qc2 O-O 8. Rd1 Re8 9. a3 a5 10. Bd3 dxc4
11. Bxc4 Nd5 12. Bxe7 Qxe7
0-1

[Event "Time flies like an arrow—fruit flies like a banana"]
[Site "SchemingMind.com"]
[Date "2012.07.27"]
[Round "-"]
[White "clario"]
[Black "Scooter"]
[Result "0-1"]
[WhiteCountry "RSA"]
[BlackCountry "USA"]
[WhiteElo "2093"]
[WhiteRD "72"]
[BlackElo "1775"]
[BlackRD "47"]
[GameID "314907"]

1. d4 Nf6 2. c4 e6 3. Nc3 Bb4 4. Qc2 d5 5. cxd5 exd5 6. Bg5 h6 7. Bxf6 Qxf6 8. a3 Bxc3+ 9. Qxc3 Nc6 10. e3 O-O
11. Nf3 Bg4 12. Be2 Bxf3 13. Bxf3 Rfd8 14. O-O Qd6 15. Rac1 Rd7 16. b4 Ne7 17. Bg4 f5 18. Bf3 c6 19. Be2 f4 20. Bf3 fxe3
21. fxe3 Rf8 22. Qd3 Nf5 23. Bxd5+ Qxd5 24. Rxf5 Qxf5 25. Qxf5 Rxf5 26. h3 Rdf7 27. a4 Rf2 28. b5 cxb5 29. axb5 Rb2 30. Kh2 Rff2
0-1

[Event "Time flies like an arrow—fruit flies like a banana"]
[Site "SchemingMind.com"]
[Date "2012.07.22"]
[Round "-"]
[White "tyler_ensor"]
[Black "clario"]
[Result "0-1"]
[WhiteCountry "CAN"]
[BlackCountry "RSA"]
[WhiteElo "1985"]
[WhiteRD "82"]
[BlackElo "2029"]
[BlackRD "79"]
[GameID "314908"]

1. b3 e5 2. Bb2 Nc6 3. e3 d5 4. Bb5 Bd6 5. f4 f6 6. Qh5+ g6 7. Qh4 exf4 8. exf4 Bd7 9. Nf3 Qe7+ 10. Kf2 O-O-O
11. Re1 Qf7 12. Na3 Bc5+ 13. Kf1 Nge7 14. Qxf6 Qxf6 15. Bxf6 Rhf8 16. Bxc6 Rxf6 17. Bxd7+ Rxd7 18. Nb5 Rxf4 19. Rad1 Nf5 20. Re8+ Rd8
21. Rde1 Nh4 22. d4 Bb6 23. a4 Nxf3 24. gxf3 a6 25. a5 Rxe8 26. Rxe8+ Kd7 27. Rh8 Bxa5 28. Rxh7+ Kc6 29. Na7+ Kb6 30. Nc8+ Kb5
31. Ke2 Rxd4 32. c3 Bxc3 33. Rxc7 Rd2+ 34. Ke3 d4+ 35. Ke4 Rxh2 36. Nd6+ Kb6 37. Rc4 Rb2 38. Nc8+ Ka5 39. Rc5+ Kb4 40. Rc7 b5
41. Rc6 a5 42. Rxg6 Kxb3 43. f4 a4 44. f5 a3 45. f6 a2 46. f7 Rf2
0-1

[Event "Time flies like an arrow—fruit flies like a banana"]
[Site "SchemingMind.com"]
[Date "2012.07.26"]
[Round "-"]
[White "Scooter"]
[Black "clario"]
[Result "0-1"]
[WhiteCountry "USA"]
[BlackCountry "RSA"]
[WhiteElo "1806"]
[WhiteRD "47"]
[BlackElo "2247"]
[BlackRD "69"]
[GameID "314909"]

1. d4 d5 2. Nf3 Nf6 3. Bf4 c5 4. c3 Qb6 5. Qb3 Nc6 6. Nbd2 cxd4 7. Qxb6 axb6 8. cxd4 Nb4 9. Kd1 Nxa2 10. Nb3 Bd7
11. Nc1 Nc3+
0-1

[Event "Time flies like an arrow—fruit flies like a banana"]
[Site "SchemingMind.com"]
[Date "2012.07.26"]
[Round "-"]
[White "lea_dc"]
[Black "clario"]
[Result "0-1"]
[WhiteCountry "ARG"]
[BlackCountry "RSA"]
[WhiteElo "1776"]
[WhiteRD "95"]
[BlackElo "2093"]
[BlackRD "72"]
[GameID "314994"]

1. e4 c5 2. Nf3 d6 3. d4 cxd4 4. Nxd4 Nf6 5. Nc3 a6 6. Be2 e5 7. Nf3 Be7 8. O-O O-O 9. h3 Nbd7 10. Be3 Qc7
11. Qd2 b5 12. Bd3 Bb7 13. a3 Nc5 14. Bxc5 dxc5 15. Rfe1 Rad8 16. Qe3 c4 17. Bf1 Rfe8 18. Rad1 Bc5 19. Qe2 Bd4 20. Nd2 Qc5
21. Qf3 Rd6 22. Ndb1 Nd7 23. Ne2 Rf6 24. Nxd4 Rxf3 25. Nxf3 Nf8 26. Nc3 Ne6 27. g3 Nd4 28. Nxd4 exd4 29. Nd5 f5
0-1

[Event "Time flies like an arrow—fruit flies like a banana"]
[Site "SchemingMind.com"]
[Date "2012.07.24"]
[Round "-"]
[White "lea_dc"]
[Black "tyler_ensor"]
[Result "1-0"]
[WhiteCountry "ARG"]
[BlackCountry "CAN"]
[WhiteElo "1788"]
[WhiteRD "95"]
[BlackElo "1856"]
[BlackRD "81"]
[GameID "314995"]

1. e4 c5 2. Nf3 d6 3. d4 cxd4 4. Nxd4 Nf6 5. Nc3 a6 6. Bd3 g6 7. O-O Bg7 8. f4 O-O 9. Be3 Nbd7 10. f5 Ne5
11. Qe2 b5 12. fxg6 hxg6 13. Qd2 Bb7 14. Bh6 Qb6 15. Ne2 Bxh6 16. Qxh6 Ned7 17. Kh1 e5 18. Ne6 Ne8 19. Nxf8 Nxf8 20. Rf3 f5
21. Rh3
1-0

[Event "Time flies like an arrow—fruit flies like a banana"]
[Site "SchemingMind.com"]
[Date "2012.07.24"]
[Round "-"]
[White "lea_dc"]
[Black "Scooter"]
[Result "0-1"]
[WhiteCountry "ARG"]
[BlackCountry "USA"]
[WhiteElo "1719"]
[WhiteRD "89"]
[BlackElo "1767"]
[BlackRD "49"]
[GameID "314996"]

1. e4 c6 2. d4 d5 3. Nc3 dxe4 4. Nxe4 Bf5 5. Ng3 Bg6 6. Nf3 h6 7. Bc4 Nd7 8. O-O Qc7 9. Be3 Ngf6 10. c3 e6
11. Re1 O-O-O 12. b4 Ne4 13. Nxe4 Bxe4 14. Be2 Bd6 15. b5 Bxf3 16. Bxf3 Bxh2+ 17. Kf1 c5 18. Qa4 Kb8 19. g3 Bxg3 20. fxg3 Qxg3
21. Ke2 Nb6 22. Qb3 Nd5 23. Bf2 Nf4+ 24. Ke3 Qg5 25. Rg1 cxd4+ 26. cxd4 Qf6 27. Rad1 e5 28. d5 Qb6+
0-1

[Event "Time flies like an arrow—fruit flies like a banana"]
[Site "SchemingMind.com"]
[Date "2012.07.29"]
[Round "-"]
[White "clario"]
[Black "lea_dc"]
[Result "1-0"]
[WhiteCountry "RSA"]
[BlackCountry "ARG"]
[WhiteElo "2093"]
[WhiteRD "72"]
[BlackElo "1776"]
[BlackRD "95"]
[GameID "314997"]

1. d4 d5 2. c4 e6 3. Nc3 Nf6 4. Bg5 Be7 5. e3 O-O 6. Nf3 Nbd7 7. Rc1 c6 8. Bd3 dxc4 9. Bxc4 Qc7 10. O-O e5
11. Re1 exd4 12. Qxd4 Rd8 13. Qf4 Bd6 14. Qh4 h6 15. Bxh6 gxh6 16. Qxh6 Bf8 17. Qg6+ Kh8 18. Bxf7 Be7 19. Nd5 Qd6 20. Nxe7 Qxe7
21. Ng5 Nf8 22. Qh6+ N8h7 23. Bg6 Rf8 24. Bxh7
1-0

[Event "Time flies like an arrow—fruit flies like a banana"]
[Site "SchemingMind.com"]
[Date "2012.07.24"]
[Round "-"]
[White "tyler_ensor"]
[Black "lea_dc"]
[Result "1-0"]
[WhiteCountry "CAN"]
[BlackCountry "ARG"]
[WhiteElo "2052"]
[WhiteRD "83"]
[BlackElo "1821"]
[BlackRD "92"]
[GameID "314998"]

1. b3 e5 2. Bb2 Nc6 3. e3 Nf6 4. c4 Be7 5. a3 O-O 6. Qc2 d6 7. d3 Be6 8. Nc3 Qd7 9. g3 d5 10. Bg2 dxc4
11. dxc4 Bf5 12. Ne4 Nxe4 13. Bxe4 Bxe4 14. Qxe4 Rad8 15. Nf3 f5 16. Qc2 Bf6 17. Rd1 Qf7 18. O-O Qh5 19. Kg2 e4 20. Nd4 Ne5
21. Qe2 Qxe2 22. Nxe2 Nd3 23. Bxf6 Rxf6 24. Nf4 Rfd6 25. Kg1 Kf7 26. Rd2 g5 27. Ne2 Rb6 28. Nc1 Rbd6 29. Rfd1 Ke6 30. Nxd3 Rxd3
31. Rxd3 Rxd3 32. Rxd3 exd3 33. Kf1 Ke5 34. f3 f4 35. exf4+ gxf4 36. Ke1 h5 37. Kd2 fxg3 38. hxg3 a5 39. Kxd3 c5 40. Ke3 b6
41. f4+ Kf5 42. Kf3 a4 43. bxa4 Kf6 44. Ke4 Ke6 45. f5+
1-0

[Event "Time flies like an arrow—fruit flies like a banana"]
[Site "SchemingMind.com"]
[Date "2012.07.24"]
[Round "-"]
[White "Scooter"]
[Black "lea_dc"]
[Result "1-0"]
[WhiteCountry "USA"]
[BlackCountry "ARG"]
[WhiteElo "1767"]
[WhiteRD "49"]
[BlackElo "1719"]
[BlackRD "89"]
[GameID "314999"]

1. d4 d5 2. Nf3 c5 3. c3 Nf6 4. Bf4 Nc6 5. e3 Bf5 6. Bd3 Bxd3 7. Qxd3 e6 8. O-O Be7 9. Nbd2 cxd4 10. cxd4 O-O
11. a3 Qb6 12. b4 Nh5 13. Bg5 f6 14. Bh4 g5 15. Bg3 Nxg3 16. hxg3 g4 17. Nh4 f5 18. f3 Bxh4 19. gxh4 g3 20. f4 Qd8
21. Nf3 Rf6 22. Rac1 Rh6 23. Qc3 Rc8 24. Qe1 Rg6 25. Nd2 Qxh4 26. Nf3 Qg4 27. b5 Ne7 28. Rxc8+ Nxc8 29. Qc1 Ne7 30. Qc7 Rg7
31. Qd8+ Kf7 32. Ne5+
1-0

[Event "Time flies like an arrow—fruit flies like a banana"]
[Site "SchemingMind.com"]
[Date "2012.07.27"]
[Round "-"]
[White "Holty"]
[Black "lea_dc"]
[Result "0-1"]
[WhiteCountry "ENG"]
[BlackCountry "ARG"]
[WhiteElo "1742"]
[WhiteRD "59"]
[BlackElo "1760"]
[BlackRD "86"]
[GameID "315041"]

1. d4 d5 2. Nf3 Nf6 3. Bg5 Nbd7 4. e3 e6 5. c4 dxc4 6. Bxc4 Be7 7. Nc3 Nb6 8. Bd3 O-O 9. Qc2 c6 10. Bxf6 Bxf6
11. Bxh7+ Kh8 12. Bd3 Re8 13. O-O-O Bd7 14. h4 Rc8 15. h5 c5 16. Be4 Rc7 17. Rd2 cxd4 18. Nxd4 Qe7 19. Kd1 Nd5 20. Ke2 Rec8
21. Bxd5 exd5 22. Qb1 Rc4 23. Nxd5 Qd6 24. Nxf6 Qxf6 25. f3 Re8 26. Qd3 Rc5 27. Nb3 Bb5 28. Nxc5 Bxd3+ 29. Nxd3 Qe6 30. e4 Qxa2
31. g4 Qc4 32. Rc1 Qe6 33. Rc7 a5 34. Rxb7 Kg8 35. Ra7 Qb6 36. Rd7 Rd8 37. Nf4 Rxd7 38. Rxd7 Qb5+ 39. Rd3 Qxb2+ 40. Kd1 a4
41. g5 a3 42. Rd8+ Kh7 43. g6+ fxg6 44. hxg6+ Kh6 45. Rh8+ Kg5 46. Nd3 Qb1+ 47. Ke2 a2
0-1

[Event "Time flies like an arrow—fruit flies like a banana"]
[Site "SchemingMind.com"]
[Date "2012.07.26"]
[Round "-"]
[White "Holty"]
[Black "clario"]
[Result "0-1"]
[WhiteCountry "ENG"]
[BlackCountry "RSA"]
[WhiteElo "1732"]
[WhiteRD "58"]
[BlackElo "2254"]
[BlackRD "72"]
[GameID "315042"]

1. d4 d5 2. Nf3 Nf6 3. Bg5 Ne4 4. Bf4 c5 5. e3 Qb6 6. b3 Nc6 7. c3 cxd4 8. cxd4 Qa5+ 9. Nbd2 e5 10. Bxe5 Bg4
11. Be2 Bxf3 12. Bxf3 Nxd2 13. Ke2 Bb4 14. Bxg7 Qb5+ 15. Ke1 Nxf3#
0-1

[Event "Time flies like an arrow—fruit flies like a banana"]
[Site "SchemingMind.com"]
[Date "2012.07.25"]
[Round "-"]
[White "Holty"]
[Black "tyler_ensor"]
[Result "0-1"]
[WhiteCountry "ENG"]
[BlackCountry "CAN"]
[WhiteElo "1682"]
[WhiteRD "55"]
[BlackElo "1962"]
[BlackRD "76"]
[GameID "315043"]

1. d4 d5 2. Nf3 Nf6 3. Bg5 Ne4 4. Bf4 c5 5. c3 Nc6 6. e3 Qb6 7. b3 e6 8. Bd3 cxd4 9. cxd4 Bb4+ 10. Nbd2 Bd7
11. O-O Nxd2 12. Nxd2 O-O 13. Qc2 h6 14. Nf3 Rac8 15. Qe2 Ba3 16. Qd2 Nb4 17. Ne1 Nxd3 18. Nxd3 Bb5 19. Rfd1 Bxd3 20. Qxd3 Rc6
21. e4 dxe4 22. Qxe4 Rfc8 23. Be3 Qc7 24. Bf4 Qa5 25. h3 Qb5 26. Qe3 Qd5 27. Qg3 Kf8 28. Qg4 Rc2 29. Be3 Bb2 30. Rab1 Bc3
31. a3 Bb2 32. Qf4 Bxa3 33. b4 R2c4 34. b5 Be7 35. Ra1 Bg5 36. Qg4 Bxe3 37. fxe3 Qxb5 38. Rab1 Qc6 39. Qe2 Rc2 40. Qe1 Qxg2#
0-1

[Event "Time flies like an arrow—fruit flies like a banana"]
[Site "SchemingMind.com"]
[Date "2012.07.25"]
[Round "-"]
[White "Holty"]
[Black "Scooter"]
[Result "0-1"]
[WhiteCountry "ENG"]
[BlackCountry "USA"]
[WhiteElo "1742"]
[WhiteRD "65"]
[BlackElo "1767"]
[BlackRD "49"]
[GameID "315044"]

1. d4 Nf6 2. Nf3 d5 3. Bg5 e6 4. e3 Be7 5. Nbd2 O-O 6. Bd3 Nbd7 7. O-O c5 8. c3 c4 9. Bc2 b5 10. Qb1 h6
11. Bxf6 Nxf6 12. b3 a5 13. a3 Bb7 14. bxc4 dxc4 15. Qxb5 Ba6 16. Qb2 Rb8 17. Qa2 Nd5 18. Ba4 Nxc3 19. Qc2 Nxa4 20. Qxa4 c3
21. Ne4 Bxf1 22. Kxf1 Qb6 23. Qd1 Qb2 24. Rc1 Rfc8 25. Nc5 Bxc5 26. dxc5 Rxc5 27. Ne1 Rd5
0-1

[Event "Time flies like an arrow—fruit flies like a banana"]
[Site "SchemingMind.com"]
[Date "2012.07.27"]
[Round "-"]
[White "lea_dc"]
[Black "Holty"]
[Result "1-0"]
[WhiteCountry "ARG"]
[BlackCountry "ENG"]
[WhiteElo "1760"]
[WhiteRD "86"]
[BlackElo "1742"]
[BlackRD "59"]
[GameID "315045"]

1. e4 e5 2. Nf3 Nf6 3. Nc3 Nc6 4. Bc4 Bc5 5. O-O O-O 6. d3 d6 7. Ne2 Bg4 8. Ng3 Na5 9. Bb3 Nxb3 10. axb3 g6
11. h3 Bc8 12. h4 Bg4 13. Bg5 Re8 14. Re1 c6 15. c3 Qb6 16. d4 exd4 17. b4 Bxb4 18. cxb4 Nd7 19. Qd3 Qxb4 20. Qxd4 Qxd4
21. Nxd4 Ne5 22. f3 Bd7 23. h5 Nd3 24. Re2 a6 25. Rd1 Ne5 26. hxg6 fxg6 27. Red2 c5 28. Nde2 Nc4 29. Rd5 Be6 30. Rxd6 Nxd6
31. Rxd6 Kf7 32. Rb6 Rab8 33. Bf4 Rbd8 34. Rxb7+ Kg8 35. Nc3 Rd7 36. Rb6 Ra8 37. Rxe6 Rb7 38. Bc1 Rf7 39. Rc6 a5 40. Rxc5 a4
41. Nge2 Rfa7 42. Nd5 Ra5 43. Rxa5 Rxa5 44. Nec3 Kf7 45. Kf2 Ke6 46. Ke3 g5 47. Kd4
1-0

[Event "Time flies like an arrow—fruit flies like a banana"]
[Site "SchemingMind.com"]
[Date "2012.07.30"]
[Round "-"]
[White "clario"]
[Black "Holty"]
[Result "0-1"]
[WhiteCountry "RSA"]
[BlackCountry "ENG"]
[WhiteElo "2203"]
[WhiteRD "76"]
[BlackElo "1708"]
[BlackRD "55"]
[GameID "315046"]

1. d4 d5 2. c4 e5 3. dxe5 d4 4. Nf3 Nc6 5. g3 Be6 6. Nbd2 Qd7 7. Bg2 Nge7 8. O-O Ng6 9. Qa4 Be7 10. Nb3 Ncxe5
11. Qxd7+ Nxd7 12. Nfxd4 c6 13. Nxe6 fxe6 14. Rd1 Rd8 15. Na5 Rb8 16. Be3 Bc5 17. Bxc5 Nxc5 18. b4 Nd7 19. c5 Ke7 20. Bxc6 b6
21. Rxd7+ Kf6 22. Nc4 bxc5 23. b5 Nf8 24. Rxa7 Ng6
0-1

[Event "Time flies like an arrow—fruit flies like a banana"]
[Site "SchemingMind.com"]
[Date "2012.07.25"]
[Round "-"]
[White "tyler_ensor"]
[Black "Holty"]
[Result "1-0"]
[WhiteCountry "CAN"]
[BlackCountry "ENG"]
[WhiteElo "1962"]
[WhiteRD "76"]
[BlackElo "1682"]
[BlackRD "55"]
[GameID "315047"]

1. b3 e5 2. Bb2 Nc6 3. e3 d5 4. Bb5 Bd6 5. f4 Qh4+ 6. g3 Qe7 7. Nf3 f6 8. O-O a6 9. Be2 Bd7 10. a4 O-O-O
11. Nc3 Be6 12. fxe5 fxe5 13. Qc1 Nf6 14. Ng5 Bd7 15. Ba3 h6 16. Bxd6 cxd6 17. Nf3 d4 18. Nd1 g5 19. exd4 Bh3 20. Re1 g4
21. dxe5 gxf3 22. exf6 Qxf6 23. Bf1 Rdf8 24. Bxh3+ Kb8 25. Nf2 Nd4 26. Bf1 h5 27. Bc4 Qg5 28. d3 Rf5 29. Qxg5 Rxg5 30. Ra2 Nf5
31. Ne4 Rg6 32. Kf2 Rf8 33. Nd2 h4 34. Ne4 hxg3+ 35. Nxg3 Nxg3 36. hxg3 Rh6 37. Raa1 Rh2+ 38. Ke3 Rh3 39. Rf1 Rxg3 40. Rf2 Rg2
41. Raf1
1-0

[Event "Time flies like an arrow—fruit flies like a banana"]
[Site "SchemingMind.com"]
[Date "2012.07.25"]
[Round "-"]
[White "Scooter"]
[Black "Holty"]
[Result "1-0"]
[WhiteCountry "USA"]
[BlackCountry "ENG"]
[WhiteElo "1767"]
[WhiteRD "49"]
[BlackElo "1742"]
[BlackRD "65"]
[GameID "315048"]

1. d4 d5 2. Nf3 Nf6 3. Bf4 e6 4. h3 c5 5. c3 Bd6 6. Bxd6 Qxd6 7. e3 Bd7 8. Be2 Nc6 9. O-O O-O 10. Nbd2 a6
11. Re1 b5 12. Qc2 Rac8 13. Nb3 Ne7 14. Nxc5 Ng6 15. Nd2 a5 16. e4 e5 17. dxe5 Nxe5 18. Nxd7 Qxd7 19. exd5 Qxd5 20. Nf3 Nxf3+
21. Bxf3 Qc5 22. Rac1 Qb6 23. Rcd1 g6 24. Rd2 Qc7 25. Qb3 Rfe8 26. Rxe8+ Rxe8 27. Re2 Rxe2 28. Bxe2 Qe5 29. Qxb5 Qd6 30. Qxa5 Qd2
31. Qb5 Ne4 32. Qe8+ Kg7 33. Qxe4 Qxb2 34. Qd4+ Kf8 35. Qb4+ Qxb4 36. cxb4
1-0

[Event "Time flies like an arrow—fruit flies like a banana"]
[Site "SchemingMind.com"]
[Date "2012.07.27"]
[Round "-"]
[White "Michal Drus"]
[Black "lea_dc"]
[Result "0-1"]
[WhiteCountry "POL"]
[BlackCountry "ARG"]
[WhiteElo "1616"]
[WhiteRD "58"]
[BlackElo "1719"]
[BlackRD "89"]
[GameID "315105"]

1. e4 e5 2. Nf3 Nc6 3. d4 exd4 4. Nxd4 d5 5. Bb5 Bd7 6. Nc3 Nxd4 7. Bxd7+ Qxd7 8. Nxd5 O-O-O 9. Be3 Ne6 10. Bxa7 Qb5
11. Rb1 Qa5+ 12. Qd2 Qxa7 13. Qe2 Ne7 14. Nc3 Nd4 15. Nb5 Qa5+
0-1

[Event "Time flies like an arrow—fruit flies like a banana"]
[Site "SchemingMind.com"]
[Date "2012.07.28"]
[Round "-"]
[White "Michal Drus"]
[Black "clario"]
[Result "0-1"]
[WhiteCountry "POL"]
[BlackCountry "RSA"]
[WhiteElo "1620"]
[WhiteRD "60"]
[BlackElo "2203"]
[BlackRD "76"]
[GameID "315106"]

1. e4 c5 2. Nf3 d6 3. d4 cxd4 4. Nxd4 Nf6 5. Nc3 a6 6. Be3 e5 7. Nb3 Be6 8. Bg5 Be7 9. Bxf6 Bxf6 10. Nd5 Nd7
11. Bc4 O-O 12. Nxf6+ Nxf6 13. Bxe6 fxe6 14. Qd3 d5 15. O-O-O Nxe4
0-1

[Event "Time flies like an arrow—fruit flies like a banana"]
[Site "SchemingMind.com"]
[Date "2012.07.26"]
[Round "-"]
[White "Michal Drus"]
[Black "tyler_ensor"]
[Result "0-1"]
[WhiteCountry "POL"]
[BlackCountry "CAN"]
[WhiteElo "1620"]
[WhiteRD "60"]
[BlackElo "1856"]
[BlackRD "81"]
[GameID "315107"]

1. e4 c5 2. Nf3 d6 3. d4 cxd4 4. Nxd4 Nf6 5. Nc3 a6 6. Be3 e5 7. Nf5 d5 8. exd5 Bxf5 9. Bd3 Bxd3 10. Qxd3 Nbd7
11. Bg5 Qa5 12. O-O Bb4 13. Ne4 Qxd5 14. Nxf6+ Nxf6 15. Bxf6 Qxd3 16. Bxg7 Qxf1+ 17. Kxf1 Rg8 18. Bxe5 O-O-O 19. c3 Bd6
0-1

[Event "Time flies like an arrow—fruit flies like a banana"]
[Site "SchemingMind.com"]
[Date "2012.07.26"]
[Round "-"]
[White "Michal Drus"]
[Black "Scooter"]
[Result "1-0"]
[WhiteCountry "POL"]
[BlackCountry "USA"]
[WhiteElo "1616"]
[WhiteRD "58"]
[BlackElo "1767"]
[BlackRD "49"]
[GameID "315108"]

1. e4 c6 2. Nf3 d5 3. Nc3 dxe4 4. Nxe4 Bf5 5. Ng3 Bg6 6. h4 h6 7. d4 Nd7 8. Bd3 Bxd3 9. Qxd3 Qc7 10. Be3 Ngf6
11. O-O-O e6 12. Rhe1 O-O-O 13. Ne4 Nxe4 14. Qxe4 Nf6 15. Qd3 Bd6 16. Kb1 Bf4 17. g3 Bxe3 18. Rxe3 Ng4 19. Re2 c5 20. Qc3 cxd4
21. Qxc7+ Kxc7 22. Rxd4 Rxd4 23. Nxd4 Rd8 24. c3 e5 25. Nf3 e4 26. Rxe4 Nxf2 27. Rf4 f6 28. Nd4 Nh3 29. Ne6+ Kd7 30. Rd4+
1-0

[Event "Time flies like an arrow—fruit flies like a banana"]
[Site "SchemingMind.com"]
[Date "2012.07.26"]
[Round "-"]
[White "Michal Drus"]
[Black "Holty"]
[Result "0-1"]
[WhiteCountry "POL"]
[BlackCountry "ENG"]
[WhiteElo "1616"]
[WhiteRD "58"]
[BlackElo "1742"]
[BlackRD "65"]
[GameID "315109"]

1. e4 e5 2. Nf3 Nf6 3. Nxe5 d6 4. Nf3 Nxe4 5. d4 d5 6. Bd3 Bd6 7. O-O O-O 8. c4 Bg4 9. h3 Bh5 10. g4 Bg6
11. Nh4 Qxh4 12. Nd2 Nxd2 13. Qxd2 Qxh3 14. f4 Bxd3 15. Rf2 Be4 16. g5 Qh1#
0-1

[Event "Time flies like an arrow—fruit flies like a banana"]
[Site "SchemingMind.com"]
[Date "2012.07.27"]
[Round "-"]
[White "lea_dc"]
[Black "Michal Drus"]
[Result "1-0"]
[WhiteCountry "ARG"]
[BlackCountry "POL"]
[WhiteElo "1760"]
[WhiteRD "86"]
[BlackElo "1645"]
[BlackRD "57"]
[GameID "315110"]

1. e4 c6 2. d4 d5 3. Nc3 b5 4. exd5 b4 5. Nce2 cxd5 6. Nf3 Nf6 7. g3 Bg4 8. Bg2 g6 9. O-O Bg7 10. Bd2 a5
11. h3 Bxf3 12. Bxf3 O-O 13. Re1 Nc6 14. c3 e5 15. dxe5 Nxe5 16. Bg2 Nd3 17. Rf1 Nxb2 18. Qc2 bxc3 19. Bxc3 Ne4 20. Bxg7 Kxg7
21. Qxb2+ Nf6 22. Rfd1 Rb8 23. Qd2 Re8 24. Nf4 Ne4 25. Qd4+ Kf8 26. Bxe4 dxe4 27. Qh8+ Ke7 28. Qe5+
1-0

[Event "Time flies like an arrow—fruit flies like a banana"]
[Site "SchemingMind.com"]
[Date "2012.07.31"]
[Round "-"]
[White "clario"]
[Black "Michal Drus"]
[Result "1-0"]
[WhiteCountry "RSA"]
[BlackCountry "POL"]
[WhiteElo "2203"]
[WhiteRD "76"]
[BlackElo "1620"]
[BlackRD "60"]
[GameID "315111"]

1. d4 d5 2. c4 c6 3. Nc3 e5 4. dxe5 d4 5. Ne4 Qa5+ 6. Bd2 Qb6 7. Qc2 Bf5 8. O-O-O c5 9. Nd6+ Bxd6 10. Qxf5 Ne7
11. Qg5 Ng6 12. exd6 Qxd6 13. e3 O-O 14. exd4 Qxd4 15. Be3 Qe5 16. Qxe5 Nxe5 17. Bxc5
1-0

[Event "Time flies like an arrow—fruit flies like a banana"]
[Site "SchemingMind.com"]
[Date "2012.07.27"]
[Round "-"]
[White "tyler_ensor"]
[Black "Michal Drus"]
[Result "1-0"]
[WhiteCountry "CAN"]
[BlackCountry "POL"]
[WhiteElo "1962"]
[WhiteRD "76"]
[BlackElo "1596"]
[BlackRD "62"]
[GameID "315112"]

1. b3 c5 2. Bb2 b5 3. e3 d6 4. Bxb5+ Bd7 5. Bxd7+ Nxd7 6. Nf3 Ngf6 7. O-O e6 8. c4 Be7 9. d4 Qc7 10. Nc3 Ng4
11. h3 Ngf6 12. Qe2 O-O 13. Rfd1 Rfe8 14. Nb5 Qb7 15. dxc5 d5 16. cxd5 Nxd5 17. Rac1 Nb4 18. a3 Nxc5 19. axb4 Rac8 20. bxc5 Rxc5
21. Rxc5 Bxc5 22. Bd4 Bxd4 23. Nfxd4 e5 24. Nd6
1-0

[Event "Time flies like an arrow—fruit flies like a banana"]
[Site "SchemingMind.com"]
[Date "2012.07.26"]
[Round "-"]
[White "Scooter"]
[Black "Michal Drus"]
[Result "1-0"]
[WhiteCountry "USA"]
[BlackCountry "POL"]
[WhiteElo "1745"]
[WhiteRD "49"]
[BlackElo "1660"]
[BlackRD "58"]
[GameID "315113"]

1. d4 d5 2. Nf3 Nf6 3. Bf4 c5 4. e3 Bg4 5. Be2 e6 6. c3 Qb6 7. O-O Qxb2 8. h3 Qxa1 9. Qa4+ Nbd7 10. hxg4 Ne4
11. Ne5 O-O-O 12. Nxf7 Nd2 13. Qc6+ bxc6 14. Ba6#
1-0

[Event "Time flies like an arrow—fruit flies like a banana"]
[Site "SchemingMind.com"]
[Date "2012.07.27"]
[Round "-"]
[White "Holty"]
[Black "Michal Drus"]
[Result "0-1"]
[WhiteCountry "ENG"]
[BlackCountry "POL"]
[WhiteElo "1742"]
[WhiteRD "65"]
[BlackElo "1616"]
[BlackRD "58"]
[GameID "315114"]

1. d4 d5 2. Nf3 Nf6 3. Bg5 Ne4 4. Bf4 c5 5. c3 cxd4 6. cxd4 Nc6 7. e3 e5 8. dxe5 Bg4 9. a3 g5 10. Bg3 Qb6
11. Qc2 Bxf3 12. gxf3 Nxg3 13. fxg3 Qxe3+ 14. Be2 Nd4 15. Qd1 Nxf3+ 16. Kf1 Bc5 17. Kg2 Qf2+ 18. Kh3 g4+ 19. Kxg4 Nxe5+ 20. Kh3 h5
21. Rf1 Qe3 22. Re1 O-O-O 23. Rf1 h4 24. Bg4+ Kb8 25. Bf3 hxg3+ 26. Kg2 Rxh2+
0-1

[Event "Time flies like an arrow—fruit flies like a banana"]
[Site "SchemingMind.com"]
[Date "2012.07.30"]
[Round "-"]
[White "GreeneKing"]
[Black "lea_dc"]
[Result "1-0"]
[WhiteCountry "SCO"]
[BlackCountry "ARG"]
[WhiteElo "1892"]
[WhiteRD "71"]
[BlackElo "1760"]
[BlackRD "86"]
[GameID "315121"]

1. e4 e5 2. Nf3 Nc6 3. Bb5 a6 4. Ba4 Nf6 5. c3 b5 6. Bc2 Be7 7. O-O O-O 8. d4 exd4 9. e5 Ne8 10. Qd3 g6
11. cxd4 d6 12. Bh6 Ng7 13. Qc3 Bb7 14. Nbd2 dxe5 15. dxe5 Re8 16. Rad1 Bf8 17. Ne4 Qe7 18. Nf6+ Kh8 19. Ng5 Ne6 20. Rd7
1-0